[Event "4NCL"]
[Site "De Vere, Staverton Park, ENG"]
[Date "2010.11.06"]
[Round "1.31"]
[White "Maciol, Ryczard"]
[Black "Balendran, Baven"]
[Result "1-0"]
[WhiteElo "2205"]
[BlackElo "1818"]
[PlyCount "67"]
[EventDate "2010.??.??"]
[WhiteTeam "Celtic Tigers 1"]
[BlackTeam "KJCA Knights"]

1. d4 d5 2. c4 e6 3. Nc3 Nf6 4. Bg5 Be7 5. cxd5 exd5 6. e3 c6 7. Bd3 Nbd7 8.
Qc2 h6 9. Bh4 g5 10. Bg3 Nh5 11. Nge2 Nxg3 12. Nxg3 Nf6 13. O-O-O Qc7 14. h4
gxh4 15. Rxh4 Ne4 16. Nxd5 Qd8 17. Nxe7 Nxg3 18. Ng6 fxg6 19. Bxg6+ Kd7 20.
fxg3 Kc7 21. d5 Qg5 22. d6+ Kd8 23. d7 Qxe3+ 24. Kb1 Bxd7 25. Qf5 Kc7 26. Rxd7+
Kb8 27. Rhd4 a6 28. a3 Rc8 29. Qf7 Ra7 30. Rd8 b5 31. Rxc8+ Kxc8 32. Bf5+ Rd7
33. Rxd7 Qxg3 34. Qe8# 1-0

[Event "4NCL"]
[Site "De Vere, Staverton Park, ENG"]
[Date "2010.11.06"]
[Round "1.31"]
[White "Murphy, Conor"]
[Black "Pedersen, Carsten"]
[Result "0-1"]
[WhiteElo "1859"]
[BlackElo "2154"]
[PlyCount "66"]
[EventDate "2010.??.??"]
[WhiteTeam "KJCA Knights"]
[BlackTeam "Celtic Tigers 1"]

1. e4 e6 2. d4 d5 3. Nc3 Bb4 4. e5 c5 5. Bd2 Ne7 6. Nb5 Bxd2+ 7. Qxd2 O-O 8. f4
a6 9. Nd6 cxd4 10. Nf3 Nbc6 11. Bd3 f6 12. O-O h6 13. a4 Qc7 14. Rae1 Bd7 15.
b4 fxe5 16. fxe5 Nxe5 17. Nxe5 Qxd6 18. Rxf8+ Rxf8 19. Nxd7 Qxd7 20. Qe2 Rf6
21. b5 axb5 22. axb5 Qd6 23. Qg4 e5 24. Qg3 e4 25. Qxd6 Rxd6 26. Bf1 Nf5 27.
Rd1 Ne3 28. Rxd4 Nxc2 29. Rd2 Ne3 30. Kf2 Nxf1 31. Kxf1 Kf7 32. Ke2 Ke6 33. Ke3
Ke5 0-1

[Event "4NCL"]
[Site "De Vere, Staverton Park, ENG"]
[Date "2010.11.06"]
[Round "1.31"]
[White "Kemp, Peter D"]
[Black "Kalid, Raphael"]
[Result "1-0"]
[WhiteElo "2158"]
[BlackElo "1826"]
[PlyCount "75"]
[EventDate "2010.??.??"]
[WhiteTeam "Celtic Tigers 1"]
[BlackTeam "KJCA Knights"]

1. d4 f5 2. g3 e6 3. Bg2 Nf6 4. Nf3 Be7 5. O-O O-O 6. b3 d6 7. Bb2 Qe8 8. Nbd2
Qg6 9. c4 Nbd7 10. Qc2 Bd8 11. Rad1 Qh5 12. e4 fxe4 13. Nxe4 Nxe4 14. Qxe4 Nf6
15. Qd3 Rb8 16. Rfe1 g5 17. Re2 b5 18. c5 Kg7 19. Qd2 h6 20. Ne1 Be7 21. Nd3 a5
22. Rde1 b4 23. cxd6 cxd6 24. d5 Kg8 25. dxe6 Bb7 26. h3 Bxg2 27. Kxg2 Rb5 28.
Qe3 g4 29. h4 Nd5 30. Qa7 Qf5 31. Re4 Qf3+ 32. Kg1 h5 33. Rd4 Bf6 34. Qd7 Rbb8
35. e7 Nxe7 36. Rf4 Qxd3 37. Bxf6 Rxf6 38. Rxf6 1-0

[Event "4NCL"]
[Site "De Vere, Staverton Park, ENG"]
[Date "2010.11.06"]
[Round "1.31"]
[White "Reddiar, Gautham"]
[Black "French, Angus J"]
[Result "1/2-1/2"]
[WhiteElo "1730"]
[BlackElo "2129"]
[PlyCount "120"]
[EventDate "2010.??.??"]
[WhiteTeam "KJCA Knights"]
[BlackTeam "Celtic Tigers 1"]

1. e4 Nf6 2. e5 Nd5 3. d4 d6 4. Nf3 Bg4 5. Be2 c6 6. O-O Bxf3 7. Bxf3 dxe5 8.
dxe5 e6 9. c3 Nd7 10. Re1 Qc7 11. Qe2 h6 12. Bxd5 cxd5 13. Bf4 g5 14. Bg3 h5
15. h3 O-O-O 16. Nd2 Kb8 17. Nb3 Be7 18. Nd4 a6 19. Rac1 Bc5 20. b4 Bxd4 21.
cxd4 Qb6 22. Qd2 Rhg8 23. Re3 Qb5 24. a3 Nb6 25. Qe2 Qxe2 26. Rxe2 h4 27. Bh2
g4 28. Rc3 Rc8 29. Rec2 gxh3 30. Rxc8+ Nxc8 31. g3 Ne7 32. Rc3 Nf5 33. Rd3 Rc8
34. Kh1 Rc1+ 35. Bg1 hxg3 36. fxg3 Kc7 37. Kh2 Re1 38. g4 Nh6 39. Rg3 Kc6 40.
Kxh3 Kb5 41. Be3 Ka4 42. Bxh6 Rh1+ 43. Kg2 Rxh6 44. Rf3 Rh7 45. Rg3 Kb5 46. Rc3
b6 47. Rc1 a5 48. bxa5 bxa5 49. Kg3 Ka4 50. Ra1 Kb3 51. a4 Kc3 52. Rd1 Rh8 53.
Kf4 Rh2 54. Kg5 Ra2 55. Kf6 Rf2+ 56. Ke7 Rf4 57. g5 Kc2 58. Ra1 Kc3 59. Rd1 Kc2
60. Ra1 Kc3 1/2-1/2

[Event "4NCL"]
[Site "De Vere, Staverton Park, ENG"]
[Date "2010.11.06"]
[Round "1.31"]
[White "Thomas, Mark"]
[Black "Paul, Barnaby J"]
[Result "1-0"]
[WhiteElo "1962"]
[BlackElo "1618"]
[PlyCount "127"]
[EventDate "2010.??.??"]
[WhiteTeam "Celtic Tigers 1"]
[BlackTeam "KJCA Knights"]

1. e4 e5 2. d4 exd4 3. Qxd4 Nc6 4. Qe3 Bb4+ 5. Nc3 Nf6 6. Bd2 Ba5 7. O-O-O d6
8. h3 Qe7 9. Nge2 Bb6 10. Qg3 Rg8 11. f4 Bd7 12. e5 dxe5 13. fxe5 Qxe5 14. Bf4
Qa5 15. Qf3 O-O-O 16. Kb1 Be6 17. Nc1 Rxd1 18. Qxd1 Rd8 19. Qe1 Nd5 20. Bd2
Nxc3+ 21. Bxc3 Qg5 22. Nd3 Ba5 23. Bxa5 Qxa5 24. Qxa5 Nxa5 25. Be2 Nc4 26. b3
Nd2+ 27. Kb2 Ne4 28. Re1 Ng3 29. Bf3 Nf5 30. Re5 Nh4 31. Be4 f5 32. Rxe6 fxe4
33. Rxe4 Ng6 34. Kc3 Rd5 35. Re8+ Rd8 36. Re4 Rd5 37. Rg4 Rd6 38. b4 Rd7 39. h4
Nf8 40. Re4 c6 41. Nc5 Rf7 42. Re8+ Kc7 43. Rxf8 Re7 44. Kd3 b6 45. Ne4 Rd7+
46. Ke3 b5 47. Ng5 h6 48. Ne6+ Kd6 49. Nc5 Re7+ 50. Kd4 Re2 51. Rd8+ Ke7 52.
Rd7+ Kf8 53. Rxa7 Rxg2 54. Ne6+ Kg8 55. Rxg7+ Rxg7 56. Nxg7 Kxg7 57. Kc5 Kg6
58. Kxc6 Kh5 59. Kxb5 Kxh4 60. a4 Kg3 61. a5 h5 62. a6 h4 63. a7 h3 64. a8=Q
1-0

[Event "4NCL"]
[Site "De Vere, Staverton Park, ENG"]
[Date "2010.11.06"]
[Round "1.31"]
[White "Huser, Hector AP"]
[Black "Buttell, David"]
[Result "1/2-1/2"]
[WhiteElo "1618"]
[BlackElo "1761"]
[PlyCount "72"]
[EventDate "2010.??.??"]
[WhiteTeam "KJCA Knights"]
[BlackTeam "Celtic Tigers 1"]

1. e4 c5 2. Nc3 Nc6 3. f4 d6 4. Bc4 e6 5. d3 a6 6. Nf3 b5 7. Bb3 Na5 8. O-O Ne7
9. Bd2 Nxb3 10. axb3 Bb7 11. Ne2 Nc6 12. Ng3 h6 13. Bc3 b4 14. Be1 Be7 15. Nd2
O-O 16. f5 Ne5 17. Nc4 Nxc4 18. bxc4 Kh7 19. Qg4 Bc8 20. Bd2 Bg5 21. Bxg5 Qxg5
22. Qxg5 hxg5 23. fxe6 Bxe6 24. b3 f6 25. Nf5 Rfd8 26. h3 Rd7 27. Ne3 Kg6 28.
Rf2 a5 29. Nd5 Bxd5 30. exd5 Re7 31. Kf1 Kf7 32. Ra2 Ke8 33. Re2 Rxe2 34. Kxe2
Kd7 35. Kf3 g6 36. Ra1 f5 1/2-1/2

[Event "4NCL"]
[Site "De Vere, Staverton Park, ENG"]
[Date "2010.11.06"]
[Round "1.32"]
[White "Simmons, Matthew"]
[Black "Richmond, Peter A"]
[Result "1/2-1/2"]
[WhiteElo "2071"]
[BlackElo "2252"]
[PlyCount "107"]
[EventDate "2010.??.??"]
[WhiteTeam "Channel Isolani"]
[BlackTeam "Brown Jack"]

1. e4 c5 2. Nc3 e6 3. f4 Nc6 4. Nf3 a6 5. b3 d5 6. Bb2 Nf6 7. e5 Nd7 8. Be2 b5
9. O-O Bb7 10. Qe1 d4 11. Nd1 Nb4 12. Qg3 Nxc2 13. Rc1 Nb4 14. Ng5 Be7 15. Nxe6
Qb6 16. Qxg7 Qxe6 17. Qxh8+ Bf8 18. Bf3 Bxf3 19. Rxf3 Nxa2 20. Ra1 Nb4 21. Nf2
O-O-O 22. Qxh7 Nb6 23. Qh3 c4 24. Qxe6+ fxe6 25. g4 Kb7 26. g5 cxb3 27. Rxb3
Nc4 28. Ne4 a5 29. d3 Nxb2 30. Rxb2 Kb6 31. Rd2 Nd5 32. h4 a4 33. h5 Nxf4 34.
Nf6 Nh3+ 35. Kf1 Nxg5 36. Rg2 Nf7 37. Rg8 Nxe5 38. Re1 Nc6 39. Rxe6 a3 40. Nd7+
Rxd7 41. Rxf8 b4 42. Rc8 Rc7 43. Ra8 Kb5 44. h6 Na7 45. Rg8 b3 46. Rb8+ Ka5 47.
Rxb3 Ka4 48. Rb1 Nc6 49. Rg6 a2 50. Ra1 Nb4 51. Rg2 Kb3 52. Rh2 Rh7 53. Ke2 Nc2
54. Rxa2 1/2-1/2

[Event "4NCL"]
[Site "De Vere, Staverton Park, ENG"]
[Date "2010.11.06"]
[Round "1.32"]
[White "Padilla Cabero, Pablo"]
[Black "Kirby, Peter J"]
[Result "1-0"]
[WhiteElo "2147"]
[BlackElo "2031"]
[PlyCount "139"]
[EventDate "2010.??.??"]
[WhiteTeam "Brown Jack"]
[BlackTeam "Channel Isolani"]

1. e4 c5 2. Nc3 Nc6 3. Bb5 Nd4 4. Nf3 e6 5. a4 Ne7 6. Nxd4 cxd4 7. Ne2 Nc6 8.
c3 dxc3 9. bxc3 a6 10. Bxc6 dxc6 11. d4 e5 12. f4 exd4 13. cxd4 Bb4+ 14. Bd2
Qa5 15. Bxb4 Qxb4+ 16. Qd2 Qxd2+ 17. Kxd2 Bg4 18. Ng3 Be6 19. Kc3 g6 20. a5
O-O-O 21. Rhd1 Kc7 22. Nf1 f5 23. e5 Rd5 24. Ne3 Rb5 25. Rdb1 b6 26. axb6+ Kxb6
27. d5 cxd5 28. Nc2 Rc8+ 29. Kd3 Bf7 30. Nd4 Rxb1 31. Rxb1+ Kc7 32. h3 h5 33.
g4 hxg4 34. hxg4 fxg4 35. Rg1 Rh8 36. Rxg4 Rh3+ 37. Kd2 Kd7 38. f5 gxf5 39. Rg7
Ke8 40. e6 Bxe6 41. Nxe6 a5 42. Ra7 Rg3 43. Ng7+ Kd8 44. Nxf5 Ra3 45. Nd6 a4
46. Nb5 Rh3 47. Rxa4 Kd7 48. Ra6 Rg3 49. Nc3 d4 50. Ne2 Rh3 51. Nxd4 Kc7 52.
Nb5+ Kd7 53. Nc3 Ke7 54. Nd5+ Kd7 55. Ne3 Kc7 56. Kd3 Kb7 57. Rg6 Rh4 58. Ng4
Rh3+ 59. Ke4 Ra3 60. Ne3 Kc7 61. Nc4 Rh3 62. Kd5 Rh5+ 63. Ne5 Kb7 64. Re6 Rh7
65. Kc5 Rh1 66. Re7+ Kc8 67. Nc4 Rh5+ 68. Kc6 Kd8 69. Rf7 Rh6+ 70. Nd6 1-0

[Event "4NCL"]
[Site "De Vere, Staverton Park, ENG"]
[Date "2010.11.06"]
[Round "1.32"]
[White "Rowe, Peter"]
[Black "Girdlestone, Paul C"]
[Result "1/2-1/2"]
[WhiteElo "2012"]
[BlackElo "2182"]
[PlyCount "89"]
[EventDate "2010.??.??"]
[WhiteTeam "Channel Isolani"]
[BlackTeam "Brown Jack"]

1. d4 d5 2. Nf3 Nf6 3. Bf4 e6 4. e3 Bd6 5. Bg3 Nbd7 6. Nbd2 Qe7 7. c3 e5 8.
dxe5 Nxe5 9. Bxe5 Bxe5 10. Nxe5 Qxe5 11. Nf3 Qd6 12. Qd4 Bf5 13. Rd1 O-O 14.
Bd3 Bxd3 15. Qxd3 Qb6 16. Rb1 Rfe8 17. O-O Qa5 18. a3 a6 19. Rfd1 Qa4 20. Qd4
Qb5 21. Qd3 c5 22. h3 Rad8 23. Qxb5 axb5 24. Rd3 Ra8 25. g4 h6 26. h4 Red8 27.
g5 Ne8 28. Rbd1 Nc7 29. e4 b4 30. axb4 cxb4 31. c4 Ra2 32. Rb3 hxg5 33. hxg5 d4
34. Rxd4 Re8 35. Rxb4 Ne6 36. Rd2 Nc5 37. e5 Kh7 38. Rb6 Re7 39. b4 Ra1+ 40.
Kg2 Ne6 41. Kg3 Rc1 42. c5 Rc3 43. Kg2 Nf4+ 44. Kg3 Ne6 45. Kg2 1/2-1/2

[Event "4NCL"]
[Site "De Vere, Staverton Park, ENG"]
[Date "2010.11.06"]
[Round "1.32"]
[White "Hackett, Dave G"]
[Black "Carpenter, Paul"]
[Result "1-0"]
[WhiteElo "2138"]
[BlackElo "1866"]
[PlyCount "39"]
[EventDate "2010.??.??"]
[WhiteTeam "Brown Jack"]
[BlackTeam "Channel Isolani"]

1. e4 c6 2. d4 d5 3. exd5 cxd5 4. c4 Nf6 5. Nc3 Nc6 6. Nf3 Bg4 7. cxd5 Nxd5 8.
Qb3 Bxf3 9. gxf3 Nb6 10. d5 Nd4 11. Qd1 Nf5 12. Bf4 Nd6 13. Ne4 Nbc4 14. Bxc4
Nxc4 15. Qa4+ Qd7 16. Qxc4 Rc8 17. Qb3 b6 18. Ke2 f5 19. Nc3 Rc5 20. Rhd1 1-0

[Event "4NCL"]
[Site "De Vere, Staverton Park, ENG"]
[Date "2010.11.06"]
[Round "1.32"]
[White "Smith, David"]
[Black "Rabbitt, Michael"]
[Result "0-1"]
[WhiteElo "1726"]
[BlackElo "2020"]
[PlyCount "64"]
[EventDate "2010.??.??"]
[WhiteTeam "Channel Isolani"]
[BlackTeam "Brown Jack"]

1. d4 Nf6 2. Nf3 e6 3. e3 c5 4. c4 cxd4 5. exd4 b6 6. Nc3 Bb4 7. a3 Bxc3+ 8.
bxc3 d6 9. Bg5 Nbd7 10. Bd3 O-O 11. O-O Qc7 12. Qe2 Bb7 13. Rfe1 Rac8 14. Rab1
Rfe8 15. Nd2 e5 16. d5 Ba6 17. Rb4 h6 18. Bh4 e4 19. Bb1 Nxd5 20. Rb2 Nxc3 21.
Qg4 Nxb1 22. Rbxb1 Bb7 23. Bg3 Nc5 24. Re3 Re6 25. Rbe1 Rce8 26. h4 Qc6 27. Bh2
Rg6 28. Qf5 Ree6 29. Qh5 Qa4 30. Bg3 Nd3 31. R1e2 Qd1+ 32. Kh2 Nc1 0-1

[Event "4NCL"]
[Site "De Vere, Staverton Park, ENG"]
[Date "2010.11.06"]
[Round "1.33"]
[White "Stimpson, Philip M"]
[Black "Oliver, Martin"]
[Result "0-1"]
[WhiteElo "2092"]
[BlackElo "1874"]
[PlyCount "58"]
[EventDate "2010.??.??"]
[WhiteTeam "Guildford A&DC 3"]
[BlackTeam "Bristol 3"]

1. e4 c6 2. d4 d5 3. e5 Bf5 4. Bd3 Bxd3 5. Qxd3 e6 6. Nc3 Ne7 7. Nf3 Nd7 8. O-O
c5 9. dxc5 Nc6 10. Bg5 Ndxe5 11. Nxe5 Nxe5 12. Qg3 f6 13. Rfe1 Qd7 14. Rad1
Bxc5 15. Bf4 O-O 16. Re2 Ng6 17. Be3 Bd6 18. Qh3 Rad8 19. g3 b6 20. f4 Ne7 21.
Bf2 Nf5 22. g4 Ne7 23. Qf3 Bb4 24. a3 Bxc3 25. Qxc3 e5 26. fxe5 Qxg4+ 27. Kf1
Ng6 28. exf6 Nf4 29. Red2 Qg2+ 0-1

[Event "4NCL"]
[Site "De Vere, Staverton Park, ENG"]
[Date "2010.11.06"]
[Round "1.33"]
[White "Woolgar, Steven G"]
[Black "Shepley, Julien M"]
[Result "1-0"]
[WhiteElo "1730"]
[BlackElo "2043"]
[PlyCount "95"]
[EventDate "2010.??.??"]
[WhiteTeam "Bristol 3"]
[BlackTeam "Guildford A&DC 3"]

1. c4 Nf6 2. Nc3 e5 3. g3 d6 4. Bg2 c6 5. Nf3 Be6 6. b3 Be7 7. O-O Qc8 8. d4
Nbd7 9. Ba3 e4 10. Ng5 d5 11. Bxe7 Kxe7 12. Nxe6 fxe6 13. cxd5 exd5 14. Qc2 Re8
15. Bxe4 dxe4 16. Nxe4 Nxe4 17. Qxe4+ Kf7 18. Qxh7 Nf6 19. Qd3 Qh3 20. f3 Rh8
21. Rf2 Rae8 22. Re1 Re6 23. Qc4 Nd5 24. e4 Nb6 25. Qc1 Reh6 26. Qf4+ Kg8 27.
Qb8+ Qc8 28. Qxc8+ Nxc8 29. f4 Rd6 30. Rd2 Kf7 31. Kg2 Rhd8 32. Red1 b5 33. h4
Nb6 34. Kf3 c5 35. d5 c4 36. bxc4 Nxc4 37. Rc2 Ra6 38. Rd3 Rc8 39. Kf2 Ra4 40.
Rdc3 Rd8 41. h5 Rd7 42. Rd3 Kf6 43. g4 g5 44. hxg6 Kxg6 45. e5 Nxe5 46. fxe5
Rf4+ 47. Kg3 Kg5 48. e6 1-0

[Event "4NCL"]
[Site "De Vere, Staverton Park, ENG"]
[Date "2010.11.06"]
[Round "1.33"]
[White "Bryant, Richard BE"]
[Black "Taylor, John-Paul"]
[Result "1-0"]
[WhiteElo "1976"]
[BlackElo "1762"]
[PlyCount "91"]
[EventDate "2010.??.??"]
[WhiteTeam "Guildford A&DC 3"]
[BlackTeam "Bristol 3"]

1. e4 d5 2. Nc3 d4 3. Nce2 c5 4. Ng3 e5 5. Bc4 Nf6 6. Nf3 Bd6 7. O-O Bd7 8. d3
b5 9. Bb3 O-O 10. a4 c4 11. dxc4 bxc4 12. Bxc4 Bc6 13. Qe2 Qb6 14. Bd3 Nbd7 15.
Nd2 Bb4 16. Nc4 Qb7 17. f3 Qc7 18. f4 Ne8 19. Nxe5 Nxe5 20. fxe5 Qxe5 21. Bf4
Qc5 22. e5 Nc7 23. Qg4 Ne6 24. Nh5 Kh8 25. Qf5 g6 26. Qf6+ Kg8 27. Qh4 gxh5 28.
Qxh5 f5 29. Bxf5 Rxf5 30. Qxf5 Nxf4 31. Rxf4 Be8 32. Qe4 Rd8 33. Kh1 Bg6 34.
Rg4 Kh8 35. Qf4 Qb6 36. Qg5 Rd5 37. Rf1 Qe6 38. Qf6+ Qxf6 39. exf6 Bxc2 40. f7
Bg6 41. f8=Q+ Bxf8 42. Rxf8+ Kg7 43. Rf2 Re5 44. h4 Re1+ 45. Kh2 Rd1 46. h5 1-0

[Event "4NCL"]
[Site "De Vere, Staverton Park, ENG"]
[Date "2010.11.06"]
[Round "1.33"]
[White "Woodruff, David G"]
[Black "Higgs, Anthony RJ"]
[Result "0-1"]
[WhiteElo "1609"]
[BlackElo "1976"]
[PlyCount "82"]
[EventDate "2010.??.??"]
[WhiteTeam "Bristol 3"]
[BlackTeam "Guildford A&DC 3"]

1. c4 e5 2. Nc3 Nf6 3. g3 d6 4. Bg2 Be7 5. e3 c6 6. Nge2 Nbd7 7. O-O Qc7 8. d4
a5 9. b3 O-O 10. Bb2 Re8 11. Qd3 Bf8 12. Rae1 Nb8 13. d5 Na6 14. dxc6 bxc6 15.
Ba3 Rb8 16. Ne4 Nxe4 17. Qxe4 Bb7 18. Rc1 d5 19. cxd5 Bxa3 20. Rc2 cxd5 21.
Rxc7 dxe4 22. Rc4 Nc5 23. Rc2 Red8 24. Nc3 Ba6 25. Ra1 Bd3 26. Rd2 Bb4 27. Rc1
a4 28. Rdd1 axb3 29. axb3 Nxb3 30. Nxe4 Nxc1 31. Rxc1 Ba3 32. Ra1 Rb1+ 33. Rxb1
Bxb1 34. Bf3 Bxe4 35. Bxe4 g6 36. Kg2 f5 37. Bc2 Kg7 38. Bb3 Rd2 39. h3 Bc5 40.
Kf1 f4 41. gxf4 exf4 0-1

[Event "4NCL"]
[Site "De Vere, Staverton Park, ENG"]
[Date "2010.11.06"]
[Round "1.34"]
[White "Lutton, E Josiah"]
[Black "Brown, Alan M"]
[Result "0-1"]
[WhiteElo "2077"]
[BlackElo "2106"]
[PlyCount "114"]
[EventDate "2010.??.??"]
[WhiteTeam "SCS"]
[BlackTeam "FCA Solutions 1"]

1. e4 e6 2. Nc3 d5 3. d4 Bb4 4. e5 b6 5. Bd2 Ba6 6. Nb5 Bf8 7. Bg5 Qd7 8. a4 c6
9. Nc3 Bxf1 10. Kxf1 Ne7 11. g3 Ng6 12. Kg2 c5 13. Nf3 Nc6 14. dxc5 bxc5 15.
Re1 h6 16. Bc1 Be7 17. h4 a6 18. b3 Bd8 19. Ba3 Ba5 20. Qd3 d4 21. Ne4 Ngxe5
22. Qe2 Nxf3 23. Qxf3 Bxe1 24. Rxe1 O-O 25. Bxc5 Rfd8 26. Kg1 Qd5 27. Qf4 Ne5
28. b4 Ng6 29. Qg4 h5 30. Qe2 Nf8 31. Ng5 g6 32. Ne4 Nh7 33. Qd2 Kg7 34. Qf4
Qf5 35. Qc7 e5 36. Nd2 Rd7 37. Qc6 Rad8 38. Nc4 Qxc2 39. Nxe5 Qf5 40. Nxd7 Qxd7
41. Qxa6 d3 42. Rd1 Qd5 43. a5 Qf3 44. Rd2 Re8 45. Qxd3 Re1+ 46. Qf1 Rxf1+ 47.
Kxf1 Nf8 48. a6 Qh1+ 49. Ke2 Qe4+ 50. Kf1 Qc4+ 51. Kg1 Qxa6 52. Rd6 Qa1+ 53.
Kh2 Ne6 54. Be3 Qe5 55. Rb6 Nd4 56. Bf4 Nf3+ 57. Kg2 Qe4 0-1

[Event "4NCL"]
[Site "De Vere, Staverton Park, ENG"]
[Date "2010.11.06"]
[Round "1.34"]
[White "Smith, Graham M"]
[Black "Bogoda, Sagara T"]
[Result "1/2-1/2"]
[WhiteElo "2093"]
[BlackElo "1892"]
[PlyCount "58"]
[EventDate "2010.??.??"]
[WhiteTeam "FCA Solutions 1"]
[BlackTeam "SCS"]

1. Nf3 Nf6 2. c4 g6 3. g3 Bg7 4. Bg2 c6 5. O-O d5 6. cxd5 cxd5 7. d4 O-O 8. Nc3
Nc6 9. Ne5 e6 10. Nxc6 bxc6 11. Bf4 Nh5 12. Be3 Rb8 13. Qd2 c5 14. Na4 cxd4 15.
Bxd4 Bxd4 16. Qxd4 Qa5 17. b3 Bd7 18. Qc5 Qa6 19. Nc3 Rfc8 20. Qd4 Qa5 21. Rfc1
Ng7 22. e4 Rb7 23. Qe3 Rbc7 24. Ne2 Rxc1+ 25. Rxc1 Rxc1+ 26. Nxc1 Bc6 27. exd5
Bxd5 28. Bxd5 exd5 29. Kg2 Ne6 1/2-1/2

[Event "4NCL"]
[Site "De Vere, Staverton Park, ENG"]
[Date "2010.11.06"]
[Round "1.34"]
[White "Clarke, Sean A"]
[Black "Reuben, Stewart"]
[Result "0-1"]
[WhiteElo "1826"]
[BlackElo "2129"]
[PlyCount "84"]
[EventDate "2010.??.??"]
[WhiteTeam "SCS"]
[BlackTeam "FCA Solutions 1"]

1. Nf3 c5 2. c4 Nc6 3. Nc3 g6 4. g3 Bg7 5. Bg2 Nh6 6. O-O Nf5 7. d3 d6 8. Bd2
O-O 9. Qc1 e6 10. Na4 Bd7 11. Nc3 a6 12. Re1 Rb8 13. a4 Ncd4 14. Nxd4 Nxd4 15.
Ra3 Bc6 16. Bh6 Bxh6 17. Qxh6 Nc2 18. Raa1 f5 19. Rec1 Nxa1 20. Rxa1 d5 21. b3
d4 22. Nb1 Qe7 23. Nd2 e5 24. h4 Bxg2 25. Kxg2 e4 26. Qg5 Rbe8 27. Qxe7 Rxe7
28. dxe4 fxe4 29. e3 Rd8 30. Nf1 dxe3 31. Nxe3 Rd2 32. Nd5 Rf7 33. Nf4 e3 34.
Rf1 Rb2 35. Kf3 exf2 36. Rxf2 Rxb3+ 37. Kg4 Rc3 38. Re2 h5+ 39. Nxh5 gxh5+ 40.
Kxh5 Rxg3 41. Re8+ Kg7 42. Re5 Kf6 0-1

[Event "4NCL"]
[Site "De Vere, Staverton Park, ENG"]
[Date "2010.11.06"]
[Round "1.34"]
[White "Habershon, Paul F"]
[Black "Lutton, J Arnold"]
[Result "1-0"]
[WhiteElo "2114"]
[BlackElo "1826"]
[PlyCount "65"]
[EventDate "2010.??.??"]
[WhiteTeam "FCA Solutions 1"]
[BlackTeam "SCS"]

1. e4 e6 2. d4 d5 3. Nc3 Bb4 4. Bd2 Ne7 5. e5 a6 6. Bd3 c5 7. Qg4 Kf8 8. Nf3
Qc7 9. dxc5 Bxc5 10. O-O-O Nbc6 11. Rhe1 Nb4 12. Bf1 Nf5 13. a3 Nc6 14. Bd3
Bxf2 15. Re2 Bc5 16. Nxd5 exd5 17. Bxf5 Bxf5 18. Qxf5 Ne7 19. Qd3 Rc8 20. Rf1
g6 21. Bh6+ Kg8 22. g4 Nc6 23. Qxd5 Bf8 24. Bxf8 Rxf8 25. Ng5 Kg7 26. Qf3 Nd4
27. Qf6+ Kh6 28. Ref2 Qc4 29. Nxf7+ Rxf7 30. Qh4+ Kg7 31. Rxf7+ Qxf7 32. Rxf7+
Kxf7 33. Qf6+ 1-0

[Event "4NCL"]
[Site "De Vere, Staverton Park, ENG"]
[Date "2010.11.06"]
[Round "1.35"]
[White "Jenks, Bruce"]
[Black "Chin, Francis CW"]
[Result "1/2-1/2"]
[WhiteElo "2124"]
[BlackElo "2211"]
[PlyCount "94"]
[EventDate "2010.??.??"]
[WhiteTeam "Wessex 2"]
[BlackTeam "Hackney"]

1. c4 e6 2. g3 c5 3. Nf3 Nf6 4. Bg2 Nc6 5. O-O Be7 6. Nc3 O-O 7. d4 cxd4 8.
Nxd4 a6 9. e4 Qb6 10. Nc2 d6 11. b3 Bd7 12. Be3 Qa5 13. Na4 Qh5 14. Qxh5 Nxh5
15. Nb6 Rad8 16. Rad1 Nf6 17. h3 Be8 18. Rd2 Nd7 19. Nxd7 Rxd7 20. Bb6 f5 21.
exf5 Rxf5 22. Rfd1 Rf6 23. Ne3 Bf8 24. Ng4 Rf5 25. Re2 Bf7 26. Ne3 Rf6 27. Red2
Bh5 28. g4 Be8 29. Nf1 Ne5 30. Ng3 Rdf7 31. Ne4 Nf3+ 32. Bxf3 Rxf3 33. Ng5 Bc6
34. Rxd6 Bxd6 35. Rxd6 Rc3 36. Nxf7 Kxf7 37. Be3 Rc2 38. Rd2 Rxd2 39. Bxd2 g6
40. Bc3 Be4 41. b4 Ke7 42. f4 Kd6 43. Kf2 Bd3 44. c5+ Kd5 45. Ke3 Bf1 46. h4
Bh3 47. Kf3 h5 1/2-1/2

[Event "4NCL"]
[Site "De Vere, Staverton Park, ENG"]
[Date "2010.11.06"]
[Round "1.35"]
[White "Ociepka, Adrian"]
[Black "Pleasants, Allan J"]
[Result "1/2-1/2"]
[WhiteElo "2157"]
[BlackElo "2048"]
[PlyCount "97"]
[EventDate "2010.??.??"]
[WhiteTeam "Hackney"]
[BlackTeam "Wessex 2"]

1. e4 g6 2. d4 Bg7 3. Nc3 d6 4. Be3 a6 5. Qd2 c6 6. h4 h5 7. f3 b5 8. Bd3 Nd7
9. Nce2 Bb7 10. c3 Qc7 11. Nh3 e5 12. Ng5 Ne7 13. O-O c5 14. a4 c4 15. Bc2 O-O
16. Rfd1 d5 17. Kh1 Rad8 18. Qe1 dxe4 19. fxe4 Nf6 20. axb5 axb5 21. Qg3 Ng4
22. Bg1 Nc8 23. d5 Nd6 24. Qe1 Bh6 25. Ng3 Qe7 26. Nf3 Bf4 27. Ra7 Rd7 28. Nf1
f5 29. g3 Bh6 30. Kg2 Qf6 31. N1h2 Rdf7 32. Bc5 f4 33. Nxg4 hxg4 34. Nh2 fxg3
35. Qxg3 Bf4 36. Nxg4 Qh8 37. Qh3 Bc8 38. Rxf7 Rxf7 39. Bxd6 Qh5 40. Nf6+ Rxf6
41. Qxc8+ Kg7 42. Rf1 Qxh4 43. Qd7+ Kg8 44. Qd8+ Kg7 45. Bf8+ Kg8 46. Rxf4 Qg5+
47. Kh1 Qh5+ 48. Kg2 Qg5+ 49. Kh1 1/2-1/2

[Event "4NCL"]
[Site "De Vere, Staverton Park, ENG"]
[Date "2010.11.06"]
[Round "1.35"]
[White "Tunks, Dominic"]
[Black "Walker, Nicholas P"]
[Result "1-0"]
[WhiteElo "2076"]
[BlackElo "2074"]
[PlyCount "80"]
[EventDate "2010.??.??"]
[WhiteTeam "Wessex 2"]
[BlackTeam "Hackney"]

1. d4 d5 2. c4 Nc6 3. e3 e5 4. dxe5 d4 5. exd4 Qxd4 6. Nc3 Qxd1+ 7. Kxd1 Bg4+
8. f3 O-O-O+ 9. Bd2 Bf5 10. f4 g5 11. Nf3 gxf4 12. Nd5 Bb4 13. Nxb4 Nxb4 14. b3
Ne7 15. Ke2 Nd3 16. e6 Bxe6 17. Bc3 Rhe8 18. Nd4 Nf5 19. Kxd3 Nxd4 20. Bxd4 c5
21. Kc3 cxd4+ 22. Kd2 d3 23. Rc1 Bf5 24. Rc3 Kc7 25. Rg1 Bg4 26. Rxd3 Rxd3+ 27.
Bxd3 Rd8 28. Kc3 Kd6 29. h3 Be6 30. Rf1 Ke5 31. Re1+ Kd6 32. Bxh7 Rh8 33. Be4
b6 34. Bf3 Rg8 35. Kd4 Bf5 36. Re5 Bb1 37. a4 Bc2 38. Rd5+ Ke6 39. Kc3 Bb1 40.
Rd4 f5 1-0

[Event "4NCL"]
[Site "De Vere, Staverton Park, ENG"]
[Date "2010.11.06"]
[Round "1.35"]
[White "Reid, John"]
[Black "Gregory, Keith DF"]
[Result "0-1"]
[WhiteElo "2035"]
[BlackElo "2063"]
[PlyCount "54"]
[EventDate "2010.??.??"]
[WhiteTeam "Hackney"]
[BlackTeam "Wessex 2"]

1. d4 d6 2. e4 Nf6 3. Nc3 Nbd7 4. Be2 e5 5. Be3 Be7 6. Qd2 c6 7. f4 O-O 8. g4
b5 9. a3 exd4 10. Bxd4 c5 11. Bxf6 Nxf6 12. Bxb5 Rb8 13. Bc4 Bxg4 14. Qg2 Rxb2
15. Nd5 Nxd5 16. Bxd5 Qa5+ 17. Kf1 Qb5+ 18. Ne2 Bh5 19. Rg1 g6 20. Re1 Rxc2 21.
Qf2 Bh4 22. Rg3 Bxg3 23. hxg3 Rb8 24. Qg2 Bg4 25. e5 Rxe2 26. Rxe2 Bxe2+ 27.
Qxe2 Qb1+ 0-1

[Event "4NCL"]
[Site "De Vere, Staverton Park, ENG"]
[Date "2010.11.06"]
[Round "1.35"]
[White "Furjel, Andrej"]
[Black "Vives, Pepe"]
[Result "1-0"]
[WhiteElo "2031"]
[BlackElo "1930"]
[PlyCount "67"]
[EventDate "2010.??.??"]
[WhiteTeam "Wessex 2"]
[BlackTeam "Hackney"]

1. Nf3 d5 2. c4 e6 3. g3 Nf6 4. Bg2 Nbd7 5. b3 e5 6. cxd5 Nxd5 7. Nc3 Nxc3 8.
dxc3 Bc5 9. O-O O-O 10. Qc2 Qe8 11. e4 h6 12. Bb2 a5 13. a3 b5 14. a4 bxa4 15.
Rxa4 Nb6 16. Raa1 f6 17. Nh4 Qf7 18. Nf5 Be6 19. c4 a4 20. bxa4 Nxc4 21. Rfc1
Bb6 22. Bf1 Nxb2 23. Qxb2 Kh7 24. Qc2 Bb3 25. Qc6 g6 26. Ne3 Rfd8 27. Bc4 Bxc4
28. Qxc4 Qxc4 29. Rxc4 h5 30. Nd5 Kh6 31. Rc6 Ra6 32. Rxf6 Rxd5 33. exd5 Bxf2+
34. Rxf2 1-0

[Event "4NCL"]
[Site "De Vere, Staverton Park, ENG"]
[Date "2010.11.06"]
[Round "1.35"]
[White "Rivlin, Mark"]
[Black "Marsh, Roger DW"]
[Result "0-1"]
[WhiteElo "1658"]
[BlackElo "2030"]
[PlyCount "78"]
[EventDate "2010.??.??"]
[WhiteTeam "Hackney"]
[BlackTeam "Wessex 2"]

1. e4 g6 2. d4 Bg7 3. c3 Nf6 4. Bd3 d6 5. h3 e5 6. Nf3 Nbd7 7. O-O O-O 8. Bg5
h6 9. Bh4 Qe8 10. Nbd2 Nh5 11. Bg3 Nf4 12. Bxf4 exf4 13. Re1 Qd8 14. Qc2 Re8
15. Re2 Nf8 16. Rae1 Bd7 17. d5 Be5 18. Nxe5 dxe5 19. Nf3 g5 20. Nh2 h5 21. f3
Ng6 22. Kh1 Kg7 23. Rg1 Rh8 24. Rd2 g4 25. fxg4 hxg4 26. Bf1 Rh6 27. Qd1 Qg5
28. Be2 f3 29. Bf1 Qf4 30. g3 Qe3 31. h4 f5 32. Bd3 f4 33. Re1 Qb6 34. Nxf3
gxf3 35. Qxf3 Nxh4 36. gxh4 Rxh4+ 37. Rh2 Rxh2+ 38. Kxh2 Rh8+ 39. Kg2 Qg6+ 0-1